Visualizzazione normale
Vista MARC
- Album
di Personal Name
Records bibliografici associati: 1
001 - CONTROL NUMBER
- control field: 19798
003 - CONTROL NUMBER IDENTIFIER
- control field: IT-RoPau
005 - DATE AND TIME OF LATEST TRANSACTION
- control field: 20140409153756.0
008 - FIXED-LENGTH DATA ELEMENTS
- fixed length control field: 140409|| aca||aabn | a|a d
040 ## - CATALOGING SOURCE
- Original cataloging agency: IT-RoPau
- Transcribing agency: IT-RoPau
100 ## - HEADING--PERSONAL NAME
- Personal name: Album
- Miscellaneous information: Codice interprete SPICS: 17350
- Relator term: Interprete
670 ## - SOURCE DATA FOUND
- Source citation: Work cat.: (IT-RoPau)99177: Pezzini Corrado 19794, Sciavadì sciavadà